Catalog

Record Details

Catalog Search



The inspiration and the authority of the Bible /  by Benjamin Breckinridge Warfield ; edited by Samuel G. Craig Cover Image Book Book

The inspiration and the authority of the Bible /  by Benjamin Breckinridge Warfield ; edited by Samuel G. Craig

Warfield, Benjamin B. (Author). Craig, Samuel G. (Added Author).

Record details

  • Physical Description: 446 p.
  • Publisher: Philadelphia :   Presbyterian and Reformed Publishing Company ,  1948

Available copies

  • 2 of 2 copies available at Common Catalog SPOK.

Holds

  • 0 current holds with 2 total copies.
Show Only Available Copies
Location Call Number / Copy Notes Barcode Shelving Location Status Due Date
ETS Library 220.1 424470003567 Volný výběr Available -
ETS Library 220.1 424470006322 Volný výběr Available -

LDR 00822nam a2 00253
00139411
003CZ-PrJAB
00520210312093220.0
008011130s1948 xxu e |||| |eng
009us
035 . ‡a(CONS)4240
035 . ‡aKPS10257
040 . ‡aABG450
041 . ‡aeng
08214. ‡a220.1
100 . ‡71539 ‡aWarfield, Benjamin B.
245 . ‡aThe inspiration and the authority of the Bible /  ‡nby Benjamin Breckinridge Warfield ; edited by Samuel G. Craig
260 . ‡aPhiladelphia :   ‡bPresbyterian and Reformed Publishing Company ,  ‡c1948
300 . ‡a446 p.
653 . ‡aThe inspiration and the authority of the Bible
700 . ‡74093 ‡aCraig, Samuel G.
8524 . ‡bETS ‡bETS ‡cVolný výběr ‡j220.1 ‡gA ‡p424470006322
8524 . ‡bETS ‡bETS ‡cVolný výběr ‡j220.1 ‡gA ‡p424470003567
910 . ‡aABG450
999 . ‡a4240 ‡bAUTOGEN ‡c4240 ‡tbiblio
905 . ‡uadmin
901 . ‡a39411 ‡bCZ-PrJAB ‡c39411 ‡tbiblio ‡sets

Additional Resources